| 000 | 00595 a2200217 4500 | ||
|---|---|---|---|
| 001 | 61407 | ||
| 005 | 20260407155904.0 | ||
| 008 | 260407a1963 arg spa d | ||
| 003 | AR-UNSa-BCEJYS | ||
| 040 |
_aAR-UNSa-BCEJYS _bspa _cAR-UNSa-BCEJYS |
||
| 080 |
_a347.65/.68 _xSucesiones (Herencia. Testamento) |
||
| 245 | 1 | 0 | _aManual de sucesiones |
| 250 | _a2a. ed. | ||
| 264 | 1 |
_aBuenos Aires : _bPerrot _c1963 |
|
| 300 |
_a586 p. _c23 cm. |
||
| 041 | _aspa | ||
| 942 | _cBK | ||
| 590 | _aniveau_biblio:m niveau_hierar:0 | ||
| 100 | 1 | _aBorda, Guillermo A. | |
| 700 | 1 | _aPeltzer, Federico J.M. | |
| 999 |
_c7290 _d7290 |
||